El Alcalde de Zalamea tragedia en tres jornadas
Enregistré dans:
| Auteur principal: | |
|---|---|
| Format: | Livre |
| Langue: | Undetermined |
| Publié: |
Buenos Aires, Argentina
Sopena Argentina
1941
|
| Sujets: | |
| Tags: |
Ajouter un tag
Pas de tags, Soyez le premier à ajouter un tag!
|
MARC
| LEADER | 00000nam a2200000Ia 4500 | ||
|---|---|---|---|
| 008 | 170316s9999 xx 000 0 und d | ||
| 040 | |a cru BVZT | ||
| 090 | |a 862 C-3al | ||
| 100 | |a Calderón de la Barca, Pedro | ||
| 245 | |a El Alcalde de Zalamea |b tragedia en tres jornadas | ||
| 260 | |a Buenos Aires, Argentina | ||
| 260 | |b Sopena Argentina | ||
| 260 | |c 1941 | ||
| 300 | |a 152 páginas | ||
| 650 | |a LITERATURA ESPAÑOLA | ||
| 650 | |a TEATRO | ||
| 760 | |b anotada | ||
| 942 | |c SALA | ||
| 999 | |c 9725 |d 9725 | ||
